header

Human nature in rural Tuscany (Record no. 248744)

MARC details
000 -LEADER
fixed length control field 01482nam a2200349Ia 4500
100 1# - MAIN ENTRY--AUTHOR NAME
Personal name Hanlon, Gregory,
245 10 - TITLE STATEMENT
Title Human nature in rural Tuscany
250 ## - EDITION STATEMENT
Edition statement 1st ed.
260 ## - PUBLICATION, DISTRIBUTION, ETC. (IMPRINT)
Place of publication Basingstoke :
Name of publisher Palgrave Macmillan,
Year of publication 2007.
300 ## - PHYSICAL DESCRIPTION
Number of Pages xii, 218 p., [12] p. of plates :
Other physical details ill.
490 1# - SERIES STATEMENT
Series statement Italian and Italian American studies
650 #0 - SUBJECT ADDED ENTRY--TOPICAL TERM
Topical Term Sociology, Rural
Topical Term Human beings
856 40 - ELECTRONIC LOCATION AND ACCESS
Uniform Resource Identifier http://site.ebrary.com/lib/rucke/Doc?id=10171517

No items available.

© 2026 Rongo University
Contact us: librarian | system librarian | Rongo university